ბათუმის შოთა რუსთაველის სახელმწიფო უნივერსიტეტის ბიბლიოთეკა

Различия языковых картин мира в клишированных образах : დისერტაცია / (ბიბ.ჩანაწერი № 52154)

000 -ლიდერი
ფიქსირებული სიგრძის საკონტროლო ველი 01281nam a2200265Ia 4500
001 - საკონტროლო ნომერი
საკონტროლო ველი 19161
003 - საკონტროლო ნომრის იდენტიფიკატორი
საკონტროლო ველი GE_BSU
005 - ბოლო ოპერაციის თარიღი და დრო
საკონტროლო ველი 20220920144231.0
008 - ფიქსირებული სიგრძის მონაცემთა ელემენტები - ზოგადი ინფორმაცია
ფიქსირებული სიგრძის საკონტროლო ველი 181216s2008||||ge |||||||||||||| ||geo||
040 ## - კატალოგიზაციის წყარო
Transcribing agency GE_BSU
041 ## - ენის კოდი
Language code of text/sound track or separate title geo
080 ## - უნივერსალური ათობითი კლასიფიკაციის ინდექსი
Universal Decimal Classification number 81 А-84
100 ## - მთავარი ჩანაწერი - პიროვნების სახელი
Personal name Арошидзе, Н.
9 (RLIN) 10551
245 ## - ცნობა სათაურის შესახებ
Title Различия языковых картин мира в клишированных образах : დისერტაცია /
Statement of responsibility, etc Н. Арошидзе; Научн. руководитель Д. З. Гоциридзе; Батумский гос. ун-т им. Шота Руставели.
264 ## - წარმოების, გამოცემის, დისტრიბუციის და სხვა ცნობები
გამოცემის, წარმოების, დისტრიბუციის... ადგილი Батуми :
გამოცემის, წარმოების, დისტრიბუციის... სახელწოდება Батумский гос. ун-т им. Ш. Руставели,
გამოცემის, წარმოების, დისტრიბუციის... თარიღი 2008.
300 ## - ფიზიკური აღწერა
Extent 112 стр.ж
Other physical details 30 см.
653 ## - INDEX TERM--UNCONTROLLED
Uncontrolled term Различия языковых картин мира в клишированных образах
653 ## - INDEX TERM--UNCONTROLLED
Uncontrolled term Языкознание
653 ## - INDEX TERM--UNCONTROLLED
Uncontrolled term დისერტაცია
653 ## - INDEX TERM--UNCONTROLLED
Uncontrolled term ენათმეცნიერება
653 ## - INDEX TERM--UNCONTROLLED
Uncontrolled term Диссертация
700 ## - ADDED ENTRY--PERSONAL NAME
Personal name Гоциридзе Д. З.
Relator term სამეცნიერო ხელმძღვანელი
9 (RLIN) 10425
710 ## - ADDED ENTRY--CORPORATE NAME
Corporate name or jurisdiction name as entry element Батумский гос. ун-т им. Шота Руставели
9 (RLIN) 10552
942 ## - ADDED ENTRY ELEMENTS (KOHA)
Koha item type წიგნი
Source of classification or shelving scheme
ეგზემპლარები
ჩამოწერის სტატუსი დაკარგული ეგზემპლარის სტატუსი კლასიფიკაციის წყარო ან თაროზე გაწყობის სქემა დაზიანების სტატუსი არ გაიცემა მუდმივი მდებარეობა (დაცვის ადგილი) ამჟამინდელი ადგილსამყოფელი თაროზე განთავსების ადგილი შეძენის თარიღი სრული შენახვის შიფრი შტრიხკოდი ბოლო ოპერაციის თარიღი ეგზემპლარის მიმდევრობითი ნომერი (კეტერი?) ფასის ძალაში შესვლის თარიღი ეგზემპლარის სახეობა საჯარო შენიშვნა
          ბათუმის შოთა რუსთაველის სახელმწიფო უნივერსიტეტის მთავარი ბიბლიოთეკა ბათუმის შოთა რუსთაველის სახელმწიფო უნივერსიტეტის მთავარი ბიბლიოთეკა წიგნსაცავი 2018-12-17 81 А-84 33 დისერტ. 2018-12-17 33 2018-12-17 დისერტაცია